[Event "?"]
[Site "?"]
[Date "????.??.??"]
[Round "?"]
[White "Rollwitz, J."]
[Black "Johansson, P."]
[Result "1/2-1/2"]
[WhiteElo "1991"]
[BlackElo "2060"]
[PlyCount "23"]
[EventDate "2010.??.??"]
[WhiteTeam "BSW  Berlin/DBAG"]
[BlackTeam "Schweden 3"]

1. e4 c6 2. Nc3 d5 3. f4 dxe4 4. Nxe4 Nd7 5. Nf3 Ngf6 6. Nf2 Nb6 7. d4 Bf5 8.
Bd3 Bxd3 9. Qxd3 e6 10. Bd2 Be7 11. c4 O-O 12. b3 1/2-1/2

[Event "?"]
[Site "?"]
[Date "????.??.??"]
[Round "?"]
[White "Gustavsson, S."]
[Black "Fitzke, U."]
[Result "1-0"]
[WhiteElo "2029"]
[BlackElo "2003"]
[PlyCount "99"]
[EventDate "2010.??.??"]
[WhiteTeam "Schweden 3"]
[BlackTeam "BSW  Berlin/DBAG"]

1. d4 d5 2. Nf3 Nf6 3. e3 e6 4. Bd3 Bd6 5. b3 O-O 6. O-O Nc6 7. Bb2 Nb4 8. Be2
c5 9. a3 Nc6 10. Bd3 Bd7 11. Nbd2 h6 12. Ne5 cxd4 13. exd4 Be8 14. f4 Qb6 15.
Ndf3 Nd7 16. Kh1 f6 17. Nxc6 bxc6 18. g3 c5 19. c4 dxc4 20. Bxc4 Bf7 21. dxc5
Nxc5 22. b4 Nb7 23. Qb3 Bc7 24. Rae1 Rae8 25. Bd4 Qc6 26. Bxa7 Bb6 27. Bxb6
Qxb6 28. Re2 Qc6 29. Rfe1 Nd8 30. a4 Bh5 31. Re3 Kh8 32. Bb5 Qb7 33. Bxe8 Rxe8
34. h3 f5 35. Kh2 Bxf3 36. Rxf3 Nc6 37. Rd3 Qxb4 38. Qxb4 Nxb4 39. Rb3 Nc2 40.
Reb1 Kg8 41. Rb8 Kf8 42. a5 Na3 43. Rxe8+ Kxe8 44. a6 Nxb1 45. a7 Nd2 46. a8=Q+
Kf7 47. Qb7+ Kg6 48. Qd7 Nf3+ 49. Kg2 Ne1+ 50. Kf2 1-0

[Event "?"]
[Site "?"]
[Date "????.??.??"]
[Round "?"]
[White "Baudis, W."]
[Black "Ohrn, S."]
[Result "0-1"]
[WhiteElo "1693"]
[BlackElo "1991"]
[PlyCount "40"]
[EventDate "2010.??.??"]
[WhiteTeam "BSW  Berlin/DBAG"]
[BlackTeam "Schweden 3"]

1. d4 d5 2. c4 e6 3. Nc3 c6 4. Nf3 Nf6 5. Bg5 Bb4 6. Qc2 Nbd7 7. cxd5 exd5 8.
Bd2 O-O 9. e3 Re8 10. Bd3 c5 11. dxc5 Nxc5 12. a3 Nxd3+ 13. Qxd3 Bxc3 14. Bxc3
Ne4 15. Bd4 Bf5 16. Qb5 Qd6 17. O-O Bg4 18. Qe2 Re6 19. Rad1 Rh6 20. h3 Ng5 0-1

[Event "?"]
[Site "?"]
[Date "????.??.??"]
[Round "?"]
[White "Standal, B."]
[Black "Schmidt, M."]
[Result "1/2-1/2"]
[WhiteElo "1919"]
[BlackElo "2128"]
[PlyCount "33"]
[EventDate "2010.??.??"]
[WhiteTeam "Norwegen 3"]
[BlackTeam "Dresden-Striesen"]

1. Nf3 d5 2. d3 c5 3. Nbd2 Nc6 4. e4 e6 5. g3 g6 6. Bg2 Bg7 7. O-O Nge7 8. Re1
O-O 9. Qe2 h6 10. c3 b6 11. Nf1 a5 12. h4 Ba6 13. e5 Nf5 14. Bf4 Rc8 15. Rad1
Re8 16. Qd2 Kh7 17. N1h2 1/2-1/2

[Event "?"]
[Site "?"]
[Date "????.??.??"]
[Round "?"]
[White "Deppe, C."]
[Black "Ovesen, K."]
[Result "1/2-1/2"]
[WhiteElo "1931"]
[BlackElo "1883"]
[PlyCount "47"]
[EventDate "2010.??.??"]
[WhiteTeam "Dresden-Striesen"]
[BlackTeam "Norwegen 3"]

1. Nf3 d5 2. b3 Nf6 3. Bb2 e6 4. e3 Nbd7 5. c4 c6 6. Be2 Bd6 7. O-O O-O 8. d3
a6 9. Nbd2 Re8 10. Qc2 h6 11. Rfe1 e5 12. e4 d4 13. Nf1 Nh7 14. Ng3 Ndf6 15. c5
Bc7 16. h3 Nf8 17. Nd2 Qe7 18. b4 a5 19. a3 Bd7 20. Nc4 Ng6 21. Bf3 axb4 22.
axb4 Qf8 23. Reb1 Rxa1 24. Rxa1 1/2-1/2

[Event "?"]
[Site "?"]
[Date "????.??.??"]
[Round "?"]
[White "Bue, G."]
[Black "Groschup, G."]
[Result "0-1"]
[WhiteElo "1879"]
[BlackElo "1992"]
[PlyCount "46"]
[EventDate "2010.??.??"]
[WhiteTeam "Norwegen 3"]
[BlackTeam "Dresden-Striesen"]

1. d4 d5 2. c4 e6 3. Nf3 Nf6 4. e3 Be7 5. Bd3 O-O 6. O-O dxc4 7. Bxc4 c5 8. Nc3
a6 9. a4 Nc6 10. b3 Qa5 11. Bb2 Rd8 12. Qe2 cxd4 13. exd4 Nxd4 14. Nxd4 Rxd4
15. Rad1 Rg4 16. Nd5 exd5 17. Qxe7 Re4 18. Bxf6 Rxe7 19. Bxe7 Be6 20. Be2 Re8
21. Ba3 b5 22. Rd4 Qc3 23. Rb4 Bf5 0-1

[Event "?"]
[Site "?"]
[Date "????.??.??"]
[Round "?"]
[White "Günther, Egbert"]
[Black "Ludvigsen, Jan"]
[Result "1/2-1/2"]
[WhiteElo "2039"]
[BlackElo "1821"]
[PlyCount "67"]
[EventDate "2010.??.??"]
[WhiteTeam "Dresden-Striesen"]
[BlackTeam "Norwegen 3"]

1. e4 e5 2. Nf3 Nc6 3. Bc4 Nf6 4. O-O Nxe4 5. d4 exd4 6. Nc3 Nxc3 7. bxc3 d5 8.
Bb5 Be7 9. cxd4 O-O 10. Bxc6 bxc6 11. Ne5 Bd7 12. Rb1 Bd6 13. Qf3 Bxe5 14. dxe5
Be6 15. Qc3 Qd7 16. Be3 a6 17. a3 Rfd8 18. Bd4 Rdb8 19. Rb4 Qe8 20. f4 g6 21.
Qg3 Bf5 22. c3 a5 23. Rxb8 Rxb8 24. Qe3 Rb5 25. Bc5 Qb8 26. h3 Be4 27. Rf2 Rb1+
28. Kh2 Qc8 29. Be7 Rb3 30. Bc5 h5 31. Be7 Bf5 32. Bc5 Qd7 33. Ra2 Rb1 34. Rf2
1/2-1/2

[Event "?"]
[Site "?"]
[Date "????.??.??"]
[Round "?"]
[White "Wuttke, E."]
[Black "Stavenhagen, J."]
[Result "0-1"]
[WhiteElo "2064"]
[BlackElo "2011"]
[PlyCount "94"]
[EventDate "2010.??.??"]
[WhiteTeam "Stiftg BSW/DBAG 2"]
[BlackTeam "Saxone/1911-BSW"]

1. e4 c5 2. d3 e5 3. c3 Nc6 4. Na3 d5 5. exd5 Qxd5 6. Nb5 Qd8 7. Be2 a6 8. Na3
Nf6 9. Nf3 Be6 10. O-O h6 11. Nc2 Qc7 12. Ne3 Rd8 13. Qc2 Be7 14. b3 O-O 15.
Bb2 Qb8 16. Nd2 Bd6 17. Ne4 Be7 18. Rfe1 Nd7 19. g4 Bh4 20. Ng3 Bxg3 21. hxg3
Nf6 22. f3 e4 23. Kg2 exf3+ 24. Bxf3 Ne5 25. Be2 b6 26. c4 Nexg4 27. Bxg4 Nxg4
28. Nxg4 Bxg4 29. Re3 Rd6 30. Kh2 Rg6 31. Be5 Qd8 32. Qf2 Rg5 33. Qf4 Qa8 34.
Kg1 f5 35. d4 cxd4 36. Qxd4 Rd8 37. Bd6 Rh5 38. Qd5+ Qxd5 39. cxd5 Rxd6 40. Rd3
f4 41. gxf4 Rdxd5 42. Rxd5 Rxd5 43. Kf2 Rd1 44. Rxd1 Bxd1 45. Ke3 Kf7 46. Kd4
Ke6 47. b4 h5 0-1

[Event "?"]
[Site "?"]
[Date "????.??.??"]
[Round "?"]
[White "Alter, H."]
[Black "Hollstein, J."]
[Result "0-1"]
[WhiteElo "1882"]
[BlackElo "2020"]
[PlyCount "58"]
[EventDate "2010.??.??"]
[WhiteTeam "Saxone/1911-BSW"]
[BlackTeam "Stiftg BSW/DBAG 2"]

1. e4 c6 2. d4 d5 3. e5 Bf5 4. Bd3 Bxd3 5. Qxd3 e6 6. f4 Qb6 7. Nf3 c5 8. c3
Nc6 9. b3 Nh6 10. Be3 Nf5 11. Bf2 cxd4 12. cxd4 Nb4 13. Qd2 Qa6 14. Nc3 Rc8 15.
Rd1 Be7 16. g4 Nh6 17. h3 O-O 18. Ng1 Rxc3 19. Qxc3 Nxa2 20. Qd3 Qa5+ 21. Kf1
Rc8 22. Be1 Bb4 23. Ne2 Bxe1 24. Rxe1 Nb4 25. Qb1 Nc2 26. b4 Qa3 27. Kg2 Qd3
28. Ng3 Nxe1+ 29. Rxe1 Rc2+ 0-1

[Event "?"]
[Site "?"]
[Date "????.??.??"]
[Round "?"]
[White "Koksch, G."]
[Black "Morgner, S."]
[Result "1-0"]
[WhiteElo "2104"]
[BlackElo "1870"]
[PlyCount "63"]
[EventDate "2010.??.??"]
[WhiteTeam "Stiftg BSW/DBAG 2"]
[BlackTeam "Saxone/1911-BSW"]

1. f4 c5 2. Nf3 g6 3. e3 d6 4. Nc3 e6 5. Be2 Bg7 6. d3 Nc6 7. O-O d5 8. Qe1 Nb4
9. Bd1 Nf6 10. Ne5 d4 11. Ne2 dxe3 12. Bxe3 Qe7 13. Qf2 Nd7 14. Nxd7 Qxd7 15.
Bxc5 Nc6 16. c3 b6 17. Ba3 Ne7 18. d4 Bb7 19. Bxe7 Kxe7 20. Ng3 h5 21. Bf3 h4
22. Ne4 f6 23. Nd2 Rag8 24. Rae1 Ba6 25. Be2 Bb7 26. Bc4 Bd5 27. Bxd5 Qxd5 28.
c4 Qf5 29. Qf3 Rd8 30. d5 e5 31. Qa3+ Ke8 32. fxe5 1-0

[Event "?"]
[Site "?"]
[Date "????.??.??"]
[Round "?"]
[White "Zanger, K."]
[Black "Neudel, B."]
[Result "0-1"]
[WhiteElo "1811"]
[BlackElo "1937"]
[PlyCount "130"]
[EventDate "2010.??.??"]
[WhiteTeam "Saxone/1911-BSW"]
[BlackTeam "Stiftg BSW/DBAG 2"]

1. d4 d5 2. Nf3 Nf6 3. g3 g6 4. Bg2 Bg7 5. O-O O-O 6. Nbd2 Nbd7 7. Rb1 e6 8. b3
b6 9. Bb2 Bb7 10. e3 Rc8 11. b4 Ne8 12. Re1 Nd6 13. a4 a6 14. Rc1 Bc6 15. c3
Nf6 16. Ba3 Qe8 17. b5 axb5 18. Rb1 Rb8 19. axb5 Bxb5 20. Bxd6 cxd6 21. Qb3 Bd3
22. Ra1 Qc6 23. Bf1 Bxf1 24. Kxf1 Rfc8 25. Rec1 b5 26. Qb4 Ne4 27. Nxe4 dxe4
28. Nd2 d5 29. Rab1 Bf8 30. Qb2 Bd6 31. Kg2 Rd8 32. Rf1 Rd7 33. f4 exf3+ 34.
Nxf3 Kg7 35. Rf2 Qc7 36. Rc1 f6 37. Rcf1 Qc8 38. Nd2 Be7 39. Kg1 Rc7 40. Nb1 f5
41. Qe2 Bd8 42. g4 Rbb7 43. gxf5 exf5 44. Qf3 Qe6 45. Re2 Rc6 46. e4 dxe4 47.
Qe3 Bf6 48. Rd1 Qc4 49. Rb2 Qd5 50. Rb4 Be7 51. Rb2 Ra7 52. Qe2 f4 53. Nd2 e3
54. Nf3 Rxc3 55. Rdb1 b4 56. h4 Rac7 57. Rd1 Rc1 58. Ne5 b3 59. Rb1 Rxb1 60.
Rxb1 Rc2 61. Qf3 Qxd4 62. Ng4 h5 63. Nh2 b2 64. Rf1 e2+ 65. Qf2 exf1=Q+ 0-1

[Event "?"]
[Site "?"]
[Date "????.??.??"]
[Round "?"]
[White "Flockhart, H."]
[Black "Taksrud, V."]
[Result "0-1"]
[WhiteElo "1871"]
[BlackElo "2109"]
[PlyCount "68"]
[EventDate "2010.??.??"]
[WhiteTeam "Schottland 2"]
[BlackTeam "Norwegen 2"]

1. e4 d5 2. exd5 Nf6 3. d4 Nxd5 4. Nf3 g6 5. c4 Nb6 6. Nc3 Bg7 7. c5 Nd5 8. Bc4
c6 9. O-O O-O 10. Re1 Bg4 11. h3 Bxf3 12. Qxf3 e6 13. Be3 b6 14. Rad1 Nd7 15.
Ne4 bxc5 16. Nc3 Rb8 17. Na4 Qa5 18. b3 cxd4 19. Bd2 Qc7 20. Bxd5 cxd5 21. Rc1
Qd6 22. Rc2 Rfc8 23. Rec1 Rxc2 24. Rxc2 e5 25. Qg3 Bf8 26. Qd3 Qf6 27. Qg3 Qf5
28. Rc7 Nf6 29. f3 Nh5 30. Qg4 e4 31. Qxf5 gxf5 32. g4 e3 33. Be1 fxg4 34. hxg4
Nf4 0-1

[Event "?"]
[Site "?"]
[Date "????.??.??"]
[Round "?"]
[White "Steedman, J."]
[Black "Murphy, G."]
[Result "1/2-1/2"]
[WhiteElo "2141"]
[BlackElo "1685"]
[PlyCount "59"]
[EventDate "2010.??.??"]
[WhiteTeam "Norwegen 2"]
[BlackTeam "Schottland 2"]

1. d4 Nf6 2. c4 e6 3. Nc3 d5 4. Bg5 Be7 5. e3 Nbd7 6. Nf3 O-O 7. Rc1 c6 8. Bd3
h6 9. Bh4 dxc4 10. Bxc4 Nb6 11. Bd3 Nbd5 12. O-O Nh5 13. Bxe7 Qxe7 14. Ne5 Nhf6
15. a3 Nd7 16. Ne4 Rd8 17. Qe2 Nf8 18. f4 f6 19. Nf3 Bd7 20. Nf2 Rac8 21. g3 f5
22. e4 fxe4 23. Nxe4 Be8 24. Ne5 Nf6 25. Qf2 Bg6 26. Nxg6 Nxg6 27. Nc5 Nf8 28.
Bc4 Nd5 29. Rfe1 Qf7 30. Nd3 1/2-1/2

[Event "?"]
[Site "?"]
[Date "????.??.??"]
[Round "?"]
[White "Macgilchrist, S."]
[Black "Kverndal, L."]
[Result "0-1"]
[WhiteElo "1817"]
[BlackElo "1974"]
[PlyCount "34"]
[EventDate "2010.??.??"]
[WhiteTeam "Schottland 2"]
[BlackTeam "Norwegen 2"]

1. e4 c5 2. Nc3 Nc6 3. g3 g6 4. Bg2 Bg7 5. f4 d6 6. d3 Nf6 7. Nf3 O-O 8. O-O
Rb8 9. Ne2 Bd7 10. h3 b5 11. c3 a5 12. Qc2 Qc7 13. d4 cxd4 14. cxd4 Qb6 15. Kh2
Rfc8 16. Qb1 b4 17. e5 Bf5 0-1

[Event "?"]
[Site "?"]
[Date "????.??.??"]
[Round "?"]
[White "Birkestrand, O."]
[Black "Macrae, J."]
[Result "1/2-1/2"]
[WhiteElo "1915"]
[BlackElo "1753"]
[PlyCount "56"]
[EventDate "2010.??.??"]
[WhiteTeam "Norwegen 2"]
[BlackTeam "Schottland 2"]

1. e4 Nc6 2. Nf3 d6 3. d4 Nf6 4. Nc3 Bg4 5. Be2 e5 6. Be3 exd4 7. Nxd4 Bxe2 8.
Qxe2 Qd7 9. O-O Be7 10. Rad1 O-O 11. Rd2 Rfe8 12. f3 Nxd4 13. Bxd4 Qc6 14. Qf2
a6 15. Rfd1 b5 16. Qg3 g6 17. a3 Nh5 18. Qh3 Bf6 19. Bxf6 Nxf6 20. Qh4 Kg7 21.
g4 h6 22. Kg2 Qd7 23. Nd5 Nxd5 24. Rxd5 Qe7 25. Qg3 Qf6 26. c3 Re7 27. h4 Rh8
28. R1d2 Rhe8 1/2-1/2

[Event "?"]
[Site "?"]
[Date "????.??.??"]
[Round "?"]
[White "Villing, D."]
[Black "Bisse, V."]
[Result "1-0"]
[WhiteElo "2209"]
[BlackElo "1930"]
[PlyCount "56"]
[EventDate "2010.??.??"]
[WhiteTeam "Stiftg BSW/DBAG 3"]
[BlackTeam "Senioren Dresden 1"]

1. e4 e5 2. Nf3 Nc6 3. Bc4 Bc5 4. c3 Nf6 5. d4 exd4 6. cxd4 Bb4+ 7. Nc3 Nxe4 8.
O-O Nxc3 9. bxc3 Be7 10. d5 Na5 11. Bd3 O-O 12. Qc2 g6 13. Bh6 Re8 14. Rfe1 d6
15. a4 Bg4 16. Qd2 Bxf3 17. gxf3 b6 18. Bb5 c6 19. dxc6 Qc7 20. Qd4 Bf8 21.
Rxe8 Rxe8 22. Bxf8 Rxf8 23. Re1 a6 24. Bxa6 Qxc6 25. Bf1 Qc5 26. Qf6 Nc4 27. f4
b5 28. Bh3 d5 1-0

[Event "?"]
[Site "?"]
[Date "????.??.??"]
[Round "?"]
[White "Kanibalotzka, E."]
[Black "Seyffer, G."]
[Result "0-1"]
[WhiteElo "1826"]
[BlackElo "2048"]
[PlyCount "52"]
[EventDate "2010.??.??"]
[WhiteTeam "Senioren Dresden 1"]
[BlackTeam "Stiftg BSW/DBAG 3"]

1. Nf3 e6 2. g3 d5 3. e3 Nf6 4. Bg2 Bd6 5. d4 c5 6. c3 Nc6 7. O-O O-O 8. dxc5
Bxc5 9. b4 Bd6 10. Nbd2 e5 11. a3 e4 12. Nd4 Ne5 13. Qc2 Bg4 14. h3 Bd7 15. Rd1
Rc8 16. g4 Nfxg4 17. Nxe4 dxe4 18. hxg4 Bxg4 19. Ne2 Qf6 20. Bxe4 Nf3+ 21. Kf1
Rfd8 22. Bxh7+ Kh8 23. Bf5 Qh4 24. Rd5 Qh1+ 25. Ng1 Nh2+ 26. Ke1 Qxg1+ 0-1

[Event "?"]
[Site "?"]
[Date "????.??.??"]
[Round "?"]
[White "Nettesheim, K."]
[Black "Frenzel, L."]
[Result "1-0"]
[WhiteElo "1920"]
[BlackElo "1821"]
[PlyCount "67"]
[EventDate "2010.??.??"]
[WhiteTeam "Stiftg BSW/DBAG 3"]
[BlackTeam "Senioren Dresden 1"]

1. e4 c5 2. c3 e5 3. Nf3 d6 4. d4 cxd4 5. cxd4 exd4 6. Nxd4 a6 7. Nc3 Nf6 8.
Be2 Be7 9. O-O O-O 10. Be3 Nbd7 11. Nf5 Nc5 12. Nxe7+ Qxe7 13. f3 Be6 14. Qd2
b5 15. b4 Nb7 16. a4 bxa4 17. Rxa4 a5 18. Rfa1 Qd8 19. Bb5 Qc7 20. Nd5 Bxd5 21.
exd5 Rfc8 22. Bc6 Ra6 23. bxa5 Nc5 24. Bxc5 dxc5 25. Qd3 Ra7 26. Qb5 Qd6 27.
Bb7 Rb8 28. Qc6 Qd8 29. a6 Nd7 30. Re1 h6 31. d6 Rbxb7 32. axb7 Rxa4 33. Qxa4
c4 34. Qxd7 1-0

[Event "?"]
[Site "?"]
[Date "????.??.??"]
[Round "?"]
[White "Bjorgvik, J."]
[Black "Palmo, P."]
[Result "1/2-1/2"]
[WhiteElo "1921"]
[BlackElo "2080"]
[PlyCount "32"]
[EventDate "2010.??.??"]
[WhiteTeam "Trondergutan"]
[BlackTeam "Turku"]

1. e4 e6 2. d4 d5 3. exd5 exd5 4. Nf3 Bd6 5. Bd3 Ne7 6. O-O Bg4 7. Re1 Nbc6 8.
c3 Qd7 9. Be3 O-O 10. Nbd2 Bf5 11. Qc2 Bxd3 12. Qxd3 Qf5 13. Qxf5 Nxf5 14. Nf1
Rfe8 15. Bd2 h5 16. Ne3 Nxe3 1/2-1/2

[Event "?"]
[Site "?"]
[Date "????.??.??"]
[Round "?"]
[White "Alkkiomaki, J."]
[Black "Haugvik, B."]
[Result "1-0"]
[WhiteElo "2041"]
[BlackElo "1752"]
[PlyCount "67"]
[EventDate "2010.??.??"]
[WhiteTeam "Turku"]
[BlackTeam "Trondergutan"]

1. e4 e5 2. Nf3 Nf6 3. Nxe5 d6 4. Nf3 Nxe4 5. d4 d5 6. Bd3 Bd6 7. O-O O-O 8.
Re1 Re8 9. c4 c6 10. cxd5 cxd5 11. Nc3 Nxc3 12. bxc3 Bg4 13. Rxe8+ Qxe8 14. Bd2
h6 15. h3 Bh5 16. Qb3 Qd7 17. Ne5 Bxe5 18. dxe5 Nc6 19. f4 Ne7 20. Qc2 Bg6 21.
Re1 Bxd3 22. Qxd3 Qa4 23. f5 Qc4 24. Qf3 Qxa2 25. Bc1 Qc2 26. f6 Ng6 27. fxg7
Nxe5 28. Qf6 Nd7 29. Qxh6 Qh7 30. Qd6 Nb6 31. Bh6 Qg6 32. Qf8+ Rxf8 33. gxf8=Q+
Kh7 34. Re7 1-0

[Event "?"]
[Site "?"]
[Date "????.??.??"]
[Round "?"]
[White "Lovaas, T."]
[Black "Lehtosaari, K."]
[Result "0-1"]
[WhiteElo "1394"]
[BlackElo "2029"]
[PlyCount "56"]
[EventDate "2010.??.??"]
[WhiteTeam "Trondergutan"]
[BlackTeam "Turku"]

1. f4 d5 2. b3 Nf6 3. Bb2 e6 4. e3 c5 5. Nf3 Nc6 6. Bb5 Be7 7. O-O O-O 8. Bxc6
bxc6 9. Nc3 Nd7 10. Ne5 Qc7 11. Ne2 f6 12. Ng4 Ba6 13. Rf3 Rae8 14. Rh3 Bd6 15.
Ng3 Bc8 16. Nf2 Rf7 17. Qh5 Nf8 18. Ng4 e5 19. Nf5 Bxf5 20. Qxf5 d4 21. exd4
exd4 22. Rf1 Re2 23. Nh6+ gxh6 24. Qg4+ Ng6 25. Qxe2 Nxf4 26. Rg3+ Ng6 27. Rh3
Be5 28. Rxh6 d3 0-1

[Event "?"]
[Site "?"]
[Date "????.??.??"]
[Round "?"]
[White "Ranki, M."]
[Black "Johansen, B."]
[Result "1-0"]
[WhiteElo "1927"]
[BlackElo "1630"]
[PlyCount "85"]
[EventDate "2010.??.??"]
[WhiteTeam "Turku"]
[BlackTeam "Trondergutan"]

1. e4 e5 2. Nf3 Nc6 3. Bb5 d6 4. h3 Bd7 5. c3 a6 6. Ba4 Be7 7. d4 b5 8. Bb3 Na5
9. dxe5 Nxb3 10. Qxb3 Be6 11. Qc2 dxe5 12. Nxe5 Qd6 13. Bf4 Qc5 14. O-O Nf6 15.
Nd2 Nh5 16. Nd3 Qb6 17. Be3 c5 18. b4 Bc4 19. Nxc4 bxc4 20. Nxc5 Qc6 21. Qe2
Nf6 22. Qxc4 Nxe4 23. Qxe4 Rc8 24. Qxc6+ Rxc6 25. Rfd1 O-O 26. Rd7 Bf6 27. Bd4
Bxd4 28. Rxd4 a5 29. a3 Re8 30. Rad1 axb4 31. axb4 h6 32. Rd8 Rc8 33. Rxc8 Rxc8
34. Kf1 Kf8 35. Ke2 Ra8 36. Kd3 Ra2 37. Rd2 Ra8 38. Kc4 Ke7 39. b5 Rb8 40. Na6
Rc8+ 41. Kb4 g5 42. c4 f5 43. b6 1-0

[Event "?"]
[Site "?"]
[Date "????.??.??"]
[Round "?"]
[White "Olesen, P."]
[Black "Micheel, P."]
[Result "1-0"]
[WhiteElo "2082"]
[BlackElo "1943"]
[PlyCount "123"]
[EventDate "2010.??.??"]
[WhiteTeam "Dänemark 2"]
[BlackTeam "Senioren Dresden 2"]

1. e4 e6 2. d4 d5 3. Nc3 Nc6 4. e5 Nge7 5. Nf3 Nf5 6. Ne2 f6 7. c3 fxe5 8. dxe5
Bd7 9. Ned4 Nfxd4 10. Nxd4 Nxd4 11. cxd4 Bb4+ 12. Bd2 Qe7 13. Bd3 Bxd2+ 14.
Qxd2 O-O 15. Rc1 c6 16. O-O Qh4 17. f4 Be8 18. Rf3 Bg6 19. Bxg6 hxg6 20. Rcf1
Qh5 21. Rg3 Qf5 22. Qe2 Qh5 23. Qg4 Qxg4 24. Rxg4 Kf7 25. Rf3 Rh8 26. Rfg3 Rh6
27. h4 b6 28. h5 Rxh5 29. Rxg6 Rh7 30. f5 Re8 31. fxe6+ Rxe6 32. Rxe6 Kxe6 33.
Rg6+ Kd7 34. Kf2 c5 35. dxc5 bxc5 36. Rd6+ Kc7 37. Rxd5 Kc6 38. Rd6+ Kc7 39.
Rg6 a5 40. Ke3 a4 41. Ke4 Rh4+ 42. Kd5 Rb4 43. b3 axb3 44. axb3 Rxb3 45. Kxc5
Kd7 46. Kd5 Rb5+ 47. Ke4 Rb2 48. Rxg7+ Ke6 49. Rg6+ Ke7 50. g4 Re2+ 51. Kf4
Rf2+ 52. Kg5 Re2 53. Kh6 Rxe5 54. Kg7 Re1 55. g5 Rf1 56. Rf6 Rg1 57. g6 Rh1 58.
Rf7+ Ke8 59. Kg8 Rh2 60. Rh7 Rf2 61. Rh5 Ke7 62. g7 1-0

[Event "?"]
[Site "?"]
[Date "????.??.??"]
[Round "?"]
[White "Dötzel, H."]
[Black "Preuss, F."]
[Result "0-1"]
[WhiteElo "1845"]
[BlackElo "2057"]
[PlyCount "70"]
[EventDate "2010.??.??"]
[WhiteTeam "Senioren Dresden 2"]
[BlackTeam "Dänemark 2"]

1. e4 e5 2. Nf3 d6 3. d4 Nf6 4. dxe5 Nxe4 5. Bc4 c6 6. O-O d5 7. Bb3 Be6 8. c3
Be7 9. Bf4 Nd7 10. Nbd2 Nec5 11. Bc2 g5 12. Bg3 h5 13. h3 h4 14. Bh2 g4 15. Nd4
gxh3 16. Nxe6 Nxe6 17. Qg4 hxg2 18. Rfe1 Qb6 19. Bf5 O-O-O 20. Nb3 Rdg8 21. Qh3
Ndf8 22. Re2 Kb8 23. Nd4 c5 24. Nxe6 fxe6 25. Bg4 Rg6 26. Kxg2 Nh7 27. Bf4 Bg5
28. Bxg5 Nxg5 29. Qd3 Rhg8 30. Rg1 Qc7 31. Kh1 Ne4 32. f3 Ng3+ 33. Rxg3 hxg3
34. Kg2 Qh7 35. Kg1 Rh8 0-1

[Event "?"]
[Site "?"]
[Date "????.??.??"]
[Round "?"]
[White "Dürrfeld, P."]
[Black "Waldmann, D."]
[Result "1-0"]
[WhiteElo "1946"]
[BlackElo "1557"]
[PlyCount "59"]
[EventDate "2010.??.??"]
[WhiteTeam "Dänemark 2"]
[BlackTeam "Senioren Dresden 2"]

1. e4 c5 2. Nc3 Nc6 3. g3 d6 4. Bg2 e6 5. d3 Be7 6. f4 Nf6 7. Nge2 a6 8. O-O
Rb8 9. Be3 Qc7 10. h3 b5 11. Qd2 O-O 12. g4 Rd8 13. g5 Ne8 14. Ng3 g6 15. f5 b4
16. Nce2 e5 17. Kh2 Bf8 18. Rf2 Ng7 19. Raf1 Rd7 20. h4 Qd8 21. Bh3 Rbb7 22.
Ng1 Qa5 23. h5 gxh5 24. Qe2 Qxa2 25. b3 Nd4 26. Bxd4 cxd4 27. Nxh5 Qa5 28. Nxg7
Bxg7 29. Qh5 Qd8 30. f6 1-0

[Event "?"]
[Site "?"]
[Date "????.??.??"]
[Round "?"]
[White "Müller, H."]
[Black "Poulsen, H."]
[Result "0-1"]
[WhiteElo "1421"]
[BlackElo "1891"]
[PlyCount "61"]
[EventDate "2010.??.??"]
[WhiteTeam "Senioren Dresden 2"]
[BlackTeam "Dänemark 2"]

1. e4 c6 2. d4 d5 3. e5 Bf5 4. Bd3 Bxd3 5. Qxd3 e6 6. Nf3 Qc7 7. O-O c5 8. c3
Nc6 9. Bf4 a6 10. Qe3 Nge7 11. Nh4 cxd4 12. cxd4 Qb6 13. Nc3 Qxd4 14. Qg3 Ng6
15. Nxg6 hxg6 16. Rfd1 Qb6 17. Na4 Qb4 18. b3 Be7 19. a3 Qe4 20. Rf1 Qf5 21. b4
b5 22. Nc5 Bxc5 23. bxc5 O-O 24. Rac1 Rac8 25. Qh3 Qxh3 26. gxh3 Na5 27. Bd2
Nb3 28. Bb4 Nxc1 29. Rxc1 Rc6 30. a4 bxa4 31. Ra1 0-1

[Event "?"]
[Site "?"]
[Date "????.??.??"]
[Round "?"]
[White "Hauswald, G."]
[Black "Niebuhr, G."]
[Result "1/2-1/2"]
[WhiteElo "1820"]
[BlackElo "2079"]
[PlyCount "42"]
[EventDate "2010.??.??"]
[WhiteTeam "Heidenau"]
[BlackTeam "FB Niedersachsen"]

1. d4 Nf6 2. c4 g6 3. Nc3 d5 4. e3 Bg7 5. Nf3 O-O 6. Be2 dxc4 7. Bxc4 c5 8. O-O
Nbd7 9. Qc2 Nb6 10. Be2 cxd4 11. Nxd4 e5 12. Nf3 Qc7 13. h3 Rd8 14. Ne1 Be6 15.
e4 Rac8 16. Bg5 h6 17. Bh4 Bc4 18. Nf3 Re8 19. Rac1 Bxe2 20. Qxe2 Qc4 21. Qe3
Qc5 1/2-1/2

[Event "?"]
[Site "?"]
[Date "????.??.??"]
[Round "?"]
[White "Hellwege, W."]
[Black "Wiemann, D."]
[Result "1-0"]
[WhiteElo "2000"]
[BlackElo "1475"]
[PlyCount "84"]
[EventDate "2010.??.??"]
[WhiteTeam "FB Niedersachsen"]
[BlackTeam "Heidenau"]

1. d4 d5 2. Nf3 Nc6 3. g3 e6 4. Bg2 Nf6 5. O-O Be7 6. c4 dxc4 7. Qa4 O-O 8. Rd1
Nb4 9. Ne5 Qe8 10. Qxe8 Rxe8 11. Na3 c6 12. Naxc4 Rd8 13. e3 c5 14. a3 Na6 15.
b3 cxd4 16. exd4 Nc7 17. Bb2 Ncd5 18. Rac1 Bd7 19. Nxd7 Rxd7 20. Ne5 Rdd8 21.
Rc4 Rac8 22. Rdc1 Rb8 23. b4 Nb6 24. R4c2 Bd6 25. Nc4 Nxc4 26. Rxc4 Ne8 27. b5
Kf8 28. R1c2 Ke7 29. a4 Kd7 30. f4 Rdc8 31. d5 Rxc4 32. dxe6+ Kxe6 33. Rxc4 f6
34. Kf2 Bc7 35. Re4+ Kf7 36. Ba3 Bd8 37. Bh3 Nc7 38. Bd6 Ra8 39. Re2 g6 40. Bg2
Ne6 41. Bxb7 Bb6+ 42. Kg2 f5 1-0

[Event "?"]
[Site "?"]
[Date "????.??.??"]
[Round "?"]
[White "Mann, D."]
[Black "Jürgens, P."]
[Result "1/2-1/2"]
[WhiteElo "1740"]
[BlackElo "2014"]
[PlyCount "31"]
[EventDate "2010.??.??"]
[WhiteTeam "Heidenau"]
[BlackTeam "FB Niedersachsen"]

1. e4 e6 2. d4 d5 3. exd5 exd5 4. Nc3 Bb4 5. a3 Bxc3+ 6. bxc3 Ne7 7. Bd3 Bf5 8.
Nf3 O-O 9. O-O Nbc6 10. Re1 Qd7 11. Bf4 Rac8 12. Rb1 b6 13. Bb5 Ng6 14. Ne5
Ngxe5 15. Bxe5 Ra8 16. c4 1/2-1/2

[Event "?"]
[Site "?"]
[Date "????.??.??"]
[Round "?"]
[White "Fritsch, J."]
[Black "Weiß, H."]
[Result "1-0"]
[WhiteElo "1949"]
[BlackElo "1642"]
[PlyCount "105"]
[EventDate "2010.??.??"]
[WhiteTeam "FB Niedersachsen"]
[BlackTeam "Heidenau"]

1. e4 e5 2. Qh5 d6 3. Bc4 Nh6 4. h3 Qf6 5. d3 g6 6. Qg5 Qg7 7. Nc3 f6 8. Qe3 c6
9. Nf3 Qe7 10. d4 Nf7 11. Bd2 Bh6 12. Bxf7+ Qxf7 13. Qxh6 Be6 14. Qe3 Qc7 15.
d5 Bf7 16. Qd3 Qd7 17. O-O-O Na6 18. a3 O-O-O 19. dxc6 Qxc6 20. Nd5 Bxd5 21.
Qxd5 Qxd5 22. exd5 Nc5 23. Be3 Ne4 24. Bxa7 Rd7 25. Nd2 Nc5 26. Bxc5 dxc5 27.
Nc4 Kc7 28. a4 Ra8 29. b3 Ra6 30. Kb2 b6 31. Ne3 Kd8 32. c4 Rd6 33. h4 Ra7 34.
h5 Rg7 35. hxg6 hxg6 36. Rh8+ Ke7 37. Rb8 f5 38. Rb7+ Kf6 39. Rxg7 Kxg7 40. Re1
Kf6 41. f3 g5 42. g4 fxg4 43. Nxg4+ Kf5 44. Re4 Rd8 45. Nxe5 Rh8 46. d6 g4 47.
Nxg4 Rd8 48. Ne3+ Kf6 49. Nd5+ Kf5 50. Nxb6 Rxd6 51. Nd5 Ra6 52. Ne3+ Kf6 53.
Ng4+ 1-0

[Event "?"]
[Site "?"]
[Date "????.??.??"]
[Round "?"]
[White "Kwatschewsky, L."]
[Black "Strobel, F."]
[Result "1/2-1/2"]
[WhiteElo "2233"]
[BlackElo "2148"]
[PlyCount "38"]
[EventDate "2010.??.??"]
[WhiteTeam "Österreich"]
[BlackTeam "Wien 1"]
[WhiteTeamCountry "AUT"]

1. e4 d6 2. d4 Nf6 3. Nc3 g6 4. g3 Bg7 5. Bg2 O-O 6. Nge2 c6 7. O-O e5 8. h3 h6
9. Be3 Na6 10. Qd2 Kh7 11. Rad1 Qe7 12. a3 Be6 13. dxe5 dxe5 14. Qd6 Qxd6 15.
Rxd6 Rfe8 16. Rd2 Bf8 17. b4 Bc4 18. Rfd1 b5 19. Bf1 Nc7 1/2-1/2